00604nam a22001937a 450000500170000001000130001702000250003003500130005503700160006804000120008408200170009610000210011324501120013426000490024627000550029530000220035065000200037265000180039220170124110210.0 aB-284868 c100.00a978187326026 aB-284868 bCen Lib/Ret aDPLbEN a181.499bKRI aKrishnamurti, J. aYou are the world /cby J KrishnamurtibAuthentic reports of talks and discussions in american universities aChennaibKrishnamurti Foundation Indiac1972 aVasanta Vihar, 124 Greenways RoadbChennaie600028 a163p. c21cm(pbk) aConduct of life aConsciousness